000 00765nam a2200265Ia 4500
003 OSt
005 20220926020546.0
006 a|||||r|||| 00| 0
007 ta
008 220923b |||||||| |||| 00| 0 eng d
020 _a0710207115
037 _cGeneral Book
040 _aRTL
_cRTL
_beng
041 _2eng
_aeng
082 _aR3, M7
100 _aSeifert Josef
_977381
245 0 _aBack to things in themselves
_b A phenomenological
260 _aNew York
_bRoutledge and Kegan Paul U. S. A.
_c1987
300 _axviii, 364p
_ccm.
490 _aStudies in Phenomenological and Classical Realism
650 _a Philosophy
650 _aMetaphysics
_913358
942 _hR3, M7
_cGB
_2CC
999 _c634491
_d634491